EC procurement law and change during the tender or the contract (Record no. 72589)

MARC details
000 -LEADER
fixed length control field 01189cam a2200229 4500
001 - CONTROL NUMBER
control field ABS66575
008 - FIXED-LENGTH DATA ELEMENTS--GENERAL INFORMATION
fixed length control field 030430n2003 000 0 eng u
035 ## - SYSTEM CONTROL NUMBER
System control number (Sirsi) u122146
100 ## - MAIN ENTRY--PERSONAL NAME
Personal name Bowsher, M.
245 ## - TITLE STATEMENT
Title EC procurement law and change during the tender or the contract
260 ## - PUBLICATION, DISTRIBUTION, ETC.
Date of publication, distribution, etc. 2003
490 ## - SERIES STATEMENT
Series statement International Construction Law Review
Volume/sequential designation 20(1) January 2003, 154-176(23)
520 ## - SUMMARY, ETC.
Summary, etc. Examines the objective of the EU procurement legislation, Directive 71/305/EEC concerning the coordination of procedures for the award of public works contracts, which was to increase the transparency of the process by which such contracts are awarded. This will give tenderers from one member state a fair chance of winning a contract in another. The legislation however does not address problems which arise over changes to a project or tender whilst the tender process is ongoing. Looks at the current position, and the need for a change in legislation to address this deficit.
590 ## - LOCAL NOTE (RLIN)
Local note ABS
650 ## - SUBJECT ADDED ENTRY--TOPICAL TERM
Topical term or geographic name entry element PROCUREMENT CONTRACTS
650 ## - SUBJECT ADDED ENTRY--TOPICAL TERM
Topical term or geographic name entry element TENDERS
650 ## - SUBJECT ADDED ENTRY--TOPICAL TERM
Topical term or geographic name entry element DIRECTIVE 71/305/EEC
650 ## - SUBJECT ADDED ENTRY--TOPICAL TERM
Topical term or geographic name entry element EEC
650 ## - SUBJECT ADDED ENTRY--TOPICAL TERM
Topical term or geographic name entry element EUROPE
690 ## - LOCAL SUBJECT ADDED ENTRY--TOPICAL TERM (OCLC, RLIN)
Topical term or geographic name as entry element Procurement
9 (RLIN) 6260
942 ## - ADDED ENTRY ELEMENTS (KOHA)
Suppress in OPAC 0
Holdings
Withdrawn status Lost status Source of classification or shelving scheme Damaged status Not for loan Home library Current library Shelving location Date acquired Total Checkouts Full call number Barcode Date last seen Copy number Price effective from Koha item type
    Dewey Decimal Classification     London London Journal article 30/04/2003   ABS66575 122146-1001 06/08/2019 1 06/08/2019 Journal article